| 000 | 00599nam a2200217Ia 4500 | ||
|---|---|---|---|
| 003 | OSt | ||
| 005 | 20220926042944.0 | ||
| 006 | a|||||r|||| 00| 0 | ||
| 007 | ta | ||
| 008 | 220923b |||||||| |||| 00| 0 eng d | ||
| 037 | _cGeneral Book | ||
| 040 |
_aRTL _cRTL _beng |
||
| 041 |
_2eng _aeng |
||
| 082 | _aX9(D3:7):8, K4 | ||
| 100 |
_aDeatherage George E. _9347011 |
||
| 245 | 0 | _aConstruction company organization and management | |
| 260 | _c1964 | ||
| 650 |
_aHousing Industry _9231829 |
||
| 942 |
_hX9(D3:7):8, K4 _cGB _2CC |
||
| 999 |
_c671031 _d671031 |
||